La Mujer se integra a la reforma agraria
Enregistré dans:
| Format: | Texte |
|---|---|
| Tags: |
Ajouter un tag
Pas de tags, Soyez le premier à ajouter un tag!
|
MARC
| LEADER | 00000 a a2200000 04500 | ||
|---|---|---|---|
| 001 | 13774 | ||
| 003 | |||
| 040 | |||
| 245 | |a La Mujer se integra a la reforma agraria | ||
| 773 | |g número 29; páginas 1-10 | ||
| 999 | |c 24519 |d 24519 | ||
